[Event "Moscow op-A 15th"]
[Site "Moscow"]
[Date "2019.02.01"]
[Round "7"]
[White "Cherepanov, Vladislav"]
[Black "Tarasov, Oleg"]
[Result "1/2-1/2"]
[WhiteElo "2333"]
[BlackElo "2174"]
[PlyCount "113"]
[EventDate "2019.01.26"]
[EventType "swiss"]
[EventRounds "9"]
[EventCountry "RUS"]
[SourceTitle "CBM 188 Extra"]
[Source "ChessBase"]
[SourceDate "2019.02.26"]
[SourceVersion "1"]
[SourceVersionDate "2019.02.26"]
[SourceQuality "1"]

1. d4 d5 2. c4 c6 3. Nc3 Nf6 4. Nf3 dxc4 5. a4 Bf5 6. Ne5 Nbd7 7. Nxc4 Nb6 8. Ne5 a5 9. g3 e6 10. Bg2 Bb4 11. 0-0 0-0 12. e3 h6 13. Qe2 Bh7 14. Rd1 Qe7 15. Bd2 Nfd7 16. Nxd7 Nxd7 17. e4 e5 18. d5 Rfd8 19. Rac1 Rac8 20. Bh3 Rb8 21. f3 Bg6 22. Be3 Bh5 23. Kg2 Nf6 24. Bb6 Rd6 25. dxc6 bxc6 26. Rxd6 Qxd6 27. Rd1 Qe7 28. Bf2 Bc5 29. Rd2 Bxf2 30. Qxf2 Rd8 31. Qe3 Nh7 32. f4 Rd6 33. Rxd6 Qxd6 34. fxe5 Qxe5 35. Qf4 Qd4 36. e5 Qb6 37. Qf2 Qb4 38. Bf5 Ng5 39. h4 Ne6 40. Kh3 Qd4 41. Qxd4 Nxd4 42. g4 Nxf5 43. gxf5 f6 44. e6 Kf8 45. Ne4 Ke7 46. Nc5 Bd1 47. Kg3 Kd6 48. Nb7+ Ke7 49. Nxa5 Bxa4 50. h5 Bb5 51. b4 Kd6 52. Nb7+ Ke7 53. Nc5 Be2 54. Kh4 Bd1 55. Nb7 Bf3 56. Nc5 Bd1 57. Nb7 1/2-1/2

[Event "Moscow op-A 14th"]
[Site "Moscow"]
[Date "2018.01.31"]
[Round "5"]
[White "Kukelko, Alexey"]
[Black "Cherepanov, Vladislav"]
[Result "0-1"]
[WhiteElo "2189"]
[BlackElo "2355"]
[PlyCount "100"]
[EventDate "2018.01.27"]
[EventType "swiss"]
[EventRounds "9"]
[EventCountry "RUS"]
[SourceTitle "CBM 182 Extra"]
[Source "ChessBase"]
[SourceDate "2018.02.23"]
[SourceVersion "1"]
[SourceVersionDate "2018.02.23"]
[SourceQuality "1"]

1. e4 c5 2. Nf3 d6 3. d4 cxd4 4. Nxd4 Nf6 5. Nc3 a6 6. Bg5 e6 7. f4 h6 8. Bh4 Qb6 9. a3 Nc6 10. Bf2 Qc7 11. Qf3 Be7 12. Bd3 g5 13. Nxc6 bxc6 14. f5 e5 15. Bc4 Rb8 16. 0-0 h5 17. Be3 Ng4 18. f6 Bxf6 19. h3 Nxe3 20. Qxe3 Rh6 21. Qd2 Be6 22. Bxe6 fxe6 23. Rf3 Ke7 24. Raf1 Rg6 25. Rxf6 Rxf6 26. Qxg5 Rbf8 27. Ne2 Qd8 28. Rxf6 Rxf6 29. Ng3 Kd7 30. Qxh5 Qg8 31. Nf1 Rf4 32. Qe2 Qb8 33. g3 Qb6+ 34. Kg2 Rf8 35. b3 Qb5 36. Qd1 Qc5 37. Qe2 Qxa3 38. Nd2 Qa1 39. Nf3 Qc3 40. h4 Kc7 41. h5 Rg8 42. Kh3 c5 43. g4 c4 44. b4 Kb6 45. Kh4 Kb5 46. g5 Rf8 47. Kg4 Qa1 48. Qf2 Rf4+ 49. Kg3 Qh1 50. Qg2 Rg4+ 0-1

[Event "Moscow op-A 13th"]
[Site "Moscow"]
[Date "2017.02.03"]
[Round "7"]
[White "Cherepanov, Vladislav"]
[Black "Tologontegin, Semetey"]
[Result "1-0"]
[WhiteElo "2332"]
[BlackElo "2419"]
[PlyCount "77"]
[EventDate "2017.01.28"]
[EventType "swiss"]
[EventRounds "9"]
[EventCountry "RUS"]
[SourceTitle "EXT 2018"]
[Source "ChessBase"]
[SourceDate "2017.10.13"]
[SourceVersion "1"]
[SourceVersionDate "2017.10.13"]
[SourceQuality "1"]

1. d4 Nf6 2. c4 c5 3. d5 e6 4. Nc3 exd5 5. cxd5 d6 6. Nf3 a6 7. a4 g6 8. Nd2 Bg7 9. e4 0-0 10. Be2 Ne8 11. 0-0 f5 12. exf5 Bxf5 13. Nc4 Rf7 14. Be3 b6 15. Qd2 Raa7 16. h3 Rab7 17. Na3 Nf6 18. Rfe1 Ne4 19. Nxe4 Bxe4 20. Bg5 Qc8 21. Nc4 Qf8 22. Bg4 Bf5 23. Bxf5 Rxf5 24. Re6 Bd4 25. Be3 Rxd5 26. Bh6 Qf7 27. Rae1 Re5 28. Nxe5 Qxe6 29. Nc6 Qc8 30. Nxd4 cxd4 31. Qxd4 Rf7 32. Qxd6 Nd7 33. Qe6 Qc5 34. Rc1 Qxf2+ 35. Kh1 Nf8 36. Rc8 Qf1+ 37. Kh2 Kh8 38. Qxf7 Qxf7 39. Rxf8+ 1-0

[Event "Pardubice op rap 24th"]
[Site "Pardubice"]
[Date "2013.07.18"]
[Round "7"]
[White "Matsenko, Sergei"]
[Black "Cherepanov, Vladislav"]
[Result "0-1"]
[WhiteElo "2458"]
[BlackElo "2284"]
[PlyCount "66"]
[EventDate "2013.07.17"]
[EventType "swiss (rapid)"]
[EventRounds "9"]
[EventCountry "CZE"]
[SourceTitle "CBM 155 Extra"]
[Source "ChessBase"]
[SourceDate "2013.08.26"]
[SourceVersion "1"]
[SourceVersionDate "2013.08.26"]
[SourceQuality "1"]

1. e4 c5 2. Nf3 d6 3. d4 cxd4 4. Nxd4 Nf6 5. Nc3 a6 6. g3 e6 7. Bg2 Be7 8. 0-0 Qc7 9. f4 Nc6 10. Kh1 0-0 11. Be3 Re8 12. g4 Nd7 13. g5 Bf8 14. Bg1 Rb8 15. f5 Nde5 16. Nce2 Bd7 17. c3 b5 18. Rc1 Nc4 19. b3 Nb6 20. Qd3 e5 21. Nc2 d5 22. exd5 e4 23. Bxe4 Ne5 24. Qg3 Bd6 25. Qg2 g6 26. Ncd4 Bc8 27. f6 Bb7 28. Nc6 Rbc8 29. Ned4 Ba8 30. Rce1 Nxc6 31. Nxc6 Rxe4 32. Qxe4 Nxd5 33. Qe8+ Bf8 0-1

[Event "Pardubice op rap 24th"]
[Site "Pardubice"]
[Date "2013.07.18"]
[Round "5"]
[White "Pasiev, Rakhim"]
[Black "Cherepanov, Vladislav"]
[Result "0-1"]
[WhiteElo "2384"]
[BlackElo "2284"]
[PlyCount "128"]
[EventDate "2013.07.17"]
[EventType "swiss (rapid)"]
[EventRounds "9"]
[EventCountry "CZE"]
[SourceTitle "CBM 155 Extra"]
[Source "ChessBase"]
[SourceDate "2013.08.26"]
[SourceVersion "1"]
[SourceVersionDate "2013.08.26"]
[SourceQuality "1"]

1. d4 Nf6 2. Nc3 d5 3. Bg5 Nbd7 4. f3 c6 5. Qd2 Qa5 6. e4 dxe4 7. fxe4 e5 8. dxe5 Nxe5 9. Bd3 Be7 10. Nf3 Be6 11. Nxe5 Qxe5 12. Bf4 Qa5 13. 0-0 Ng4 14. Kh1 Ne5 15. a3 Qc7 16. Qf2 0-0 17. Qg3 f6 18. Ne2 Rad8 19. Rad1 Bd6 20. Nd4 Bc8 21. Be2 Ng6 22. Bxd6 Qxd6 23. Qb3+ Kh8 24. Nf3 Qe7 25. Qb4 c5 26. Qc3 b6 27. Bc4 Qxe4 28. Rxd8 Rxd8 29. Re1 Qf4 30. Qd3 Qc7 31. Qe3 Qd6 32. Bd3 Nf4 33. Qe8+ Qf8 34. Qa4 Nxd3 35. cxd3 Qf7 36. d4 c4 37. Qb4 Be6 38. a4 Qd7 39. Nd2 Qc6 40. Qe7 Re8 41. d5 Qd7 42. Qxd7 Bxd7 43. Rxe8+ Bxe8 44. Nxc4 Bxa4 45. Kg1 Bb3 46. Ne3 Kg8 47. Kf2 Kf7 48. Kf3 g6 49. Ke4 Ke7 50. Kd4 Kd6 51. g4 a5 52. h4 b5 53. h5 b4 54. h6 a4 55. g5 fxg5 56. Ng4 a3 57. bxa3 bxa3 58. Kc3 a2 59. Kb2 Ke7 60. d6+ Kxd6 61. Nf6 Bg8 62. Ne4+ Ke5 63. Nxg5 Kf5 64. Nf3 g5 0-1

[Event "Pardubice op rap 24th"]
[Site "Pardubice"]
[Date "2013.07.17"]
[Round "2"]
[White "Cherepanov, Vladislav"]
[Black "Gavrilov, Alexei"]
[Result "1-0"]
[WhiteElo "2284"]
[BlackElo "2452"]
[PlyCount "141"]
[EventDate "2013.07.17"]
[EventType "swiss (rapid)"]
[EventRounds "9"]
[EventCountry "CZE"]
[SourceTitle "CBM 155 Extra"]
[Source "ChessBase"]
[SourceDate "2013.08.26"]
[SourceVersion "1"]
[SourceVersionDate "2013.08.26"]
[SourceQuality "1"]

1. d4 Nf6 2. c4 e6 3. Nc3 Bb4 4. Qc2 d5 5. cxd5 Qxd5 6. Nf3 Qf5 7. Qb3 Nc6 8. Bd2 0-0 9. Rc1 a5 10. a3 Bd6 11. h3 e5 12. g4 Qd7 13. g5 Nh5 14. d5 Nd4 15. Nxd4 exd4 16. Ne4 Re8 17. Qf3 Qf5 18. Qxf5 Bxf5 19. Nxd6 cxd6 20. Rc4 d3 21. e3 Rac8 22. Rd4 Rc2 23. Bxd3 Bxd3 24. Rxd3 Rxb2 25. 0-0 a4 26. Bb4 Rd8 27. Rc1 g6 28. Rc7 Ng7 29. e4 Re2 30. f3 Nh5 31. Rd2 Re3 32. Kf2 Rb3 33. Rc3 Rxc3 34. Bxc3 Kf8 35. Bb4 Ke8 36. Rc2 Kd7 37. Ke3 Ng7 38. f4 Ne8 39. e5 Ng7 40. Ba5 Rc8 41. Rb2 Nf5+ 42. Kf3 Rc5 43. Rxb7+ Kc8 44. Ra7 dxe5 45. Bb4 Rxd5 46. Ke4 Rb5 47. fxe5 Ng3+ 48. Kd4 Nf5+ 49. Kc4 Rxe5 50. Rxf7 Re4+ 51. Kd5 Rh4 52. Bc5 Rxh3 53. Kc6 Rd3 54. Rxh7 Rd8 55. Ra7 Kb8 56. Rxa4 Rc8+ 57. Kb6 Re8 58. Kb5 Re5 59. Ra6 Nh4 60. Kc6 Nf5 61. Kb5 Nh4 62. Rf6 Kc7 63. Rf7+ Kd8 64. Kc6 Re6+ 65. Bd6 Nf5 66. Rf8+ Re8 67. Rxe8+ Kxe8 68. a4 Kd8 69. a5 Kc8 70. a6 Nd4+ 71. Kb6 1-0

[Event "Voronezh op 16th"]
[Site "Voronezh"]
[Date "2012.06.13"]
[Round "2"]
[White "Cherepanov, Vladislav"]
[Black "Shaydullina, Sandugach"]
[Result "1/2-1/2"]
[WhiteElo "2285"]
[BlackElo "2173"]
[PlyCount "107"]
[EventDate "2012.06.12"]
[EventType "swiss"]
[EventRounds "9"]
[EventCountry "RUS"]
[SourceTitle "CBM 149 Extra"]
[Source "ChessBase"]
[SourceDate "2012.08.24"]
[SourceVersion "1"]
[SourceVersionDate "2012.08.24"]
[SourceQuality "1"]

1. d4 Nf6 2. c4 e6 3. Nc3 Bb4 4. Qc2 d5 5. cxd5 exd5 6. Bg5 c5 7. a3 Bxc3+ 8. bxc3 cxd4 9. cxd4 Nc6 10. Nf3 Bg4 11. e3 h6 12. Bxf6 Qxf6 13. Be2 0-0 14. 0-0 Rfd8 15. h3 Bf5 16. Bd3 Bxh3 17. Rab1 Rab8 18. Ne5 Bd7 19. Nxd7 Rxd7 20. Qa4 Rd6 21. Rfc1 Qd8 22. Bb5 Na5 23. Rc3 a6 24. Bd3 b5 25. Qb4 h5 26. Rc5 h4 27. Kf1 Nb7 28. Rc2 Rf6 29. a4 Nd6 30. axb5 axb5 31. Rc5 Qe8 32. Ke1 Qe6 33. Rc6 Rd8 34. Qc5 h3 35. gxh3 Qxh3 36. Qxd5 Qh2 37. Rb2 Qg1+ 38. Bf1 Rf5 39. Qg2 Rg5 40. Qxg1 Rxg1 41. Ke2 Kf8 42. Ra2 g5 43. f3 Rh1 44. Kf2 Kg7 45. Ra7 b4 46. Kg2 Rh6 47. Raa6 b3 48. Bd3 b2 49. Rab6 Re6 50. e4 Nc8 51. Rxe6 Rxd4 52. Rec6 Nxb6 53. Rxb6 Rxd3 54. Rxb2 1/2-1/2

[Event "Kostroma Volga Cup op"]
[Site "Kostroma"]
[Date "2010.07.??"]
[Round "6"]
[White "Cherepanov, Vladislav"]
[Black "Karpov, Vadim"]
[Result "0-1"]
[WhiteElo "2221"]
[BlackElo "2383"]
[PlyCount "68"]
[EventDate "2010.07.??"]
[EventType "swiss"]
[EventRounds "9"]
[EventCountry "RUS"]
[SourceTitle "EXT 2011"]
[Source "ChessBase"]
[SourceDate "2010.11.26"]
[SourceVersion "1"]
[SourceVersionDate "2010.11.26"]
[SourceQuality "1"]

1. d4 d6 2. c4 e5 3. Nf3 e4 4. Nfd2 f5 5. e3 Nf6 6. Be2 Be7 7. 0-0 c5 8. d5 0-0 9. f3 exf3 10. Rxf3 Ng4 11. h3 Ne5 12. Rf1 Nbd7 13. Nc3 Bg5 14. Nb3 a5 15. e4 Nb6 16. Bxg5 Qxg5 17. Nd2 f4 18. Kh1 Rf6 19. Nf3 Nxf3 20. Rxf3 Nd7 21. e5 Qxe5 22. Bd3 Qe7 23. Qf1 Ne5 24. Re1 g5 25. Rf2 Bd7 26. Rfe2 g4 27. Bb1 f3 28. Ne4 fxg2+ 29. Qxg2 Rh6 30. Nxd6 Rxh3+ 31. Kg1 Nf3+ 32. Qxf3 Qxd6 33. Qf1 Rf8 34. Rf2 Rg3+ 0-1

[Event "Kostroma Volga Cup op"]
[Site "Kostroma"]
[Date "2010.07.??"]
[Round "4"]
[White "Cherepanov, Vladislav"]
[Black "Mishuchkov, Nikolai Mikhailovic"]
[Result "1/2-1/2"]
[WhiteElo "2221"]
[BlackElo "2392"]
[PlyCount "51"]
[EventDate "2010.07.??"]
[EventType "swiss"]
[EventRounds "9"]
[EventCountry "RUS"]
[SourceTitle "EXT 2011"]
[Source "ChessBase"]
[SourceDate "2010.11.26"]
[SourceVersion "1"]
[SourceVersionDate "2010.11.26"]
[SourceQuality "1"]

1. d4 d5 2. c4 dxc4 3. e4 c5 4. d5 Nf6 5. Nc3 e6 6. Bxc4 exd5 7. Nxd5 Nxd5 8. Qxd5 Qxd5 9. Bxd5 Na6 10. Bf4 Nb4 11. 0-0-0 Nxd5 12. exd5 Bg4 13. f3 Bf5 14. Ne2 0-0-0 15. Ng3 Bg6 16. d6 f6 17. b4 cxb4 18. Kb2 Kd7 19. Rc1 Bxd6 20. Bxd6 Kxd6 21. Rhd1+ Ke6 22. Re1+ Kd6 23. Red1+ Ke5 24. Re1+ Kd6 25. Red1+ Ke6 26. Re1+ 1/2-1/2

[Event "Krakow op 18th"]
[Site "Krakow"]
[Date "2007.12.27"]
[Round "1"]
[White "Cherepanov, Vladislav"]
[Black "Kveinys, Aloyzas"]
[Result "0-1"]
[WhiteElo "2219"]
[BlackElo "2517"]
[PlyCount "64"]
[EventDate "2007.12.27"]
[EventType "swiss"]
[EventRounds "9"]
[EventCountry "POL"]
[SourceTitle "CBM 122 Extra"]
[Source "ChessBase"]
[SourceDate "2008.03.04"]
[SourceVersion "1"]
[SourceVersionDate "2008.03.04"]
[SourceQuality "1"]

1. d4 Nf6 2. c4 e6 3. Nc3 Bb4 4. Qc2 0-0 5. a3 Bxc3+ 6. Qxc3 b6 7. Bg5 Bb7 8. Nf3 d6 9. Nd2 Nbd7 10. e3 c5 11. dxc5 bxc5 12. f3 a5 13. Be2 a4 14. 0-0 Qb6 15. Rad1 Ba6 16. Nb1 h6 17. Bh4 d5 18. Rd2 Rfb8 19. Bf2 Qc6 20. Rfd1 Rb3 21. Qc1 Ne5 22. cxd5 exd5 23. Bxa6 Rxa6 24. Nc3 c4 25. Rxd5 Nxd5 26. Nxd5 Ra7 27. e4 Rab7 28. Bd4 Nd3 29. Qc2 Kh7 30. Nb4 Nxb4 31. axb4 Rd7 32. Bc3 Qb6+ 0-1